000 00598cam a22002051 4500
001 med46000082
003 DLC
005 20260227111556.0
008 811121s1946 xx a 000 0 dut
010 _amed46000082
035 _a(OCoLC)14749888
040 _aDLC
_cDNLM
_dDLC
042 _apremarc
050 0 0 _aRJ45
_b.D38
060 0 _aWS 100
_bD417k 1946
100 1 _aDenys, Pierre.
245 1 0 _aKindergeneeskunde,
_blessen gedoceerd aan de Medische faculteit van de R. K. Universiteit te Leuven ...
260 _aAntwerpen [etc.]
_bStandaard-boekhandel,
_c1946.
300 _a219 p.
_bill.
999 _c37840
_d37840